| 000 | 00384nam a2200109Ia 4500 | ||
|---|---|---|---|
| 008 | 171204s9999 xx 000 0 und d | ||
| 245 | _aType on Screen: A Critical Guide for Designers, Writers, Developers, and Students: | ||
| 245 | _cEllen Lupton and Maryland Institute College of Art | ||
| 260 | _c2014 | ||
| 650 | _xWeb Design | ||
| 856 | _uhttp://down.ebook777.com/043/161689170X.pdf | ||
| 999 |
_c345997 _d345997 |
||